| 000 | 00448nam a2200157 i 4500 | ||
|---|---|---|---|
| 001 | 23877 | ||
| 003 | ES-MaACL | ||
| 005 | 20230906152942.0 | ||
| 007 | t| | ||
| 008 | 021213s1920 fr ||||1| fre d | ||
| 100 | 1 |
_aAmar, Jules. _921112 |
|
| 245 | 1 | 4 |
_aLes lois scientifiques de l'education respiratoire / _cpar Jules Amar. |
| 260 |
_aParis : _bDunod, _c1920 ( _fVaugirard) |
||
| 300 |
_aXV, 118 p. : _bil. ; _c25 cm. |
||
| 852 |
_aES-MaACL _jB-11516 |
||
| 999 |
_c23877 _d23877 |
||